Statistics for First names of all US presidents

Click here to take the quiz!

General Stats

  • This quiz has been taken 463 times
  • The average score is 35 of 44

Answer Stats

President% Correct
George
100%
George
100%
John
97%
John
97%
John
97%
John
97%
Donald
96%
Jimmy
94%
Barack
93%
Joseph
93%
James
92%
James
92%
James
92%
James
92%
James
92%
Abraham
91%
Bill
89%
Ronald
88%
Thomas
88%
William
86%
William
86%
Franklin
84%
Franklin
84%
Theodore
83%
Richard
82%
Andrew
81%
Andrew
81%
Harry
78%
Dwight
76%
Ulysses
76%
Gerald
72%
Herbert
72%
Lyndon
72%
Woodrow
69%
Martin
68%
Calvin
67%
Grover
63%
Benjamin
59%
Zachary
57%
Chester
54%
Millard
53%
Rutherford
50%
Henry
47%
Warren
46%

Score Distribution

Percentile by Number Answered

Percent of People with Each Score

Your Score History

You have not taken this quiz